Państwa, które posiadają księżyc we fladze we fladze - Statystyki

Ogólne statystyki
  • Ten quiz został rozwiązany 19 razy
    8 od ostatniego zresetowania
  • Średni wynik to 9 z 19
Statystyki odpowiedzi
Odpowiedź % Poprawnych
Tunezja
100%
Turcja
83%
Algieria
67%
Mauretania
67%
Pakistan
67%
Libia
50%
Malediwy
50%
Malezja
50%
Mołdawia
50%
Nepal
50%
Turkmenistan
50%
Brunei
33%
Iran
33%
Mongolia
33%
Singapur
33%
Uzbekistan
33%
Azerbejdżan
0%
Chorwacja
0%
Komory
0%
Nie znaleziono quizów pasujących do podanych kryteriów
Rozkład punktacji
Procent ludzi z każdym wynikiem
Percentyl według liczby udzielonych odpowiedzi
Twoja historia wyników
Nie rozwiązałeś tego quizu od ostatniego zresetowania